Multiple Choice Region Quiz – Velen (Witcher 3) - Statistics

General Stats
  • This quiz has been taken 58 times
    57 since last reset
  • The average score is 9 of 10
Answer Stats
Question Answer % Correct
Which terrain is common in Velen? Forested Swamps
100%
What is a nickname of Velen? No Man's Land
96%
Which warlord, known as The Bloody Baron, exercised control of Velen in 1272? Phillip Strenger
96%
Which of these landmarks can you NOT find in or around Velen's Crookbag Bog? Von Everec's mansion
93%
What stands atop Bald Mountain in Velen? A lone ancient oak
91%
Which country was Velen a part of until the Nilfgaard-Northern Realms war? Temeria
91%
Which of these festivals is celebrated in Velen? Crones' Sabbath
89%
Which river separates Velen from Novigrad? Pontar
82%
Where is the de-facto capital of Velen? Crow's Perch
80%
Which goddess has many shrines scattered all around Velen? Melitele
76%
No matching quizzes found
Score Distribution
Percent of People with Each Score
Percentile by Number Answered
Your Score History
You have not taken this quiz since the last reset